000 00453nam a2200181Ia 4500
008 230711s9999||||xx |||||||||||||| ||und||
020 _a978-81-224-3410-1
041 _aENG
082 _a539.7
_bRO-N
100 _aRoy,R.R
245 0 _aNuclear Physics : theory and experiment
250 _aR/2nd . Ed.
260 _c2017
_aNew Delhi
_bNew Age International Publishers
300 _a587p.
650 _aPhysics
700 _aNigam,B.P
942 _cBK
999 _c5783
_d5783